| 000 | 00000nam##2200000za#4500 |
| 001 | 9.643097 |
| 003 | CaOODSP |
| 005 | 20210624224018 |
| 007 | cr ||||||||||| |
| 008 | 150407|2003||||xxc|||||o f|0| 0 fre|d |
| 040 | |aCaOODSP|bfre |
| 043 | |an-cn--- |
| 086 | 1 |aEn14-151/2003F-PDF |
| 110 | 1 |aCanada. |bEnvironnement Canada. |
| 245 | 10|aRESE - surveiller la biodiversité dans les forêts canadiennes / |h[ressource électronique]|c[publié par] le réseau d'évaluation et de surveillance écologiques. |
| 260 | |aOttawa - Ontario : |bEnvironnement Canada |c[2003]. |
| 300 | |a89p.|bcartes en couleur, figures (certaines en couleur), glossaire, graphiques, références, tableaux, photographies |
| 590 | |a14-21-Supp|b2014-12-11 |
| 691 | 07|aDiversité biologique|2gcpds |
| 691 | 07|aForêt|2gcpds |
| 775 | 08|tEMAN - monitoring biodiversity in Canadian forests / |w(CaOODSP)9.699052 |
| 856 | 40|ahttp://publications.gc.ca|qPDF|s5.84 Mo|uhttps://publications.gc.ca/collections/collection_2014/ec/En14-151-2003-fra.pdf |